|
|
|
|
| LEADER |
00000cam a2200000 7i4500 |
| 001 |
0000001740 |
| 002 |
000001896 |
| 005 |
20000330.0 |
| 020 |
|
|
|a 9679768139
|
| 090 |
0 |
0 |
|a JF
|b LIM
|
| 100 |
0 |
|
|a Lim Teik Leong
|
| 245 |
1 |
0 |
|a What a day!
|c Lim Teik Leong
|
| 260 |
|
|
|a Petaling Jaya :
|b Longman ,
|c 1992
|
| 300 |
|
|
|a 14p. :
|b ill. ;
|c 21cm.
|
| 490 |
0 |
|
|a Magic box series
|
| 650 |
0 |
0 |
|a Children's stories
|
| 999 |
|
|
|a 034360
|b BUKU
|c PINJAMAN
|e PERPUSTAKAAN KOMUNITI PETALING JAYA
|
| 999 |
|
|
|a 034361
|b BUKU
|c PINJAMAN
|e PERPUSTAKAAN KOMUNITI PETALING JAYA
|
| 999 |
|
|
|a 034362
|b BUKU
|c PINJAMAN
|e PERPUSTAKAAN KOMUNITI PETALING JAYA
|